Geochemical Exploration 1974 : proceed. Fifth Intern. Geoch. Ex. symposium held in Vancouver, B.C. Canadá, April 1-4, 1974 /

Guardado en:
Otros Autores: Elliott, Ivor L. (edición.), Fletcher, W. K. (edición.)
Formato: Libro
Idioma:English
Publicado: Amsterdam : Elsevier, 1975.
Series:Developments in Economic Geology, 1
Etiquetas: Agregar Etiqueta
Sin Etiquetas, Sea el primero en etiquetar este registro!
LEADER 00665nam a22001695a 4500
001 EUN.um020122
003 AR-BaUNS
005 20050623122900.0
008 041125s1975####ne#a##########000#0#eng#d
245 0 0 |a Geochemical Exploration 1974 :  |b proceed. Fifth Intern. Geoch. Ex. symposium held in Vancouver, B.C. Canadá, April 1-4, 1974 /  |c Ivor L. Elliott, W. K. Fletcher. 
260 |a Amsterdam :  |b Elsevier,  |c 1975. 
300 |a 720 p. :  |b ilus. ;  |c 24,5 cm. . 
490 0 |a Developments in Economic Geology, 1 
700 1 |a Elliott, Ivor L.  |e edición. 
700 1 |a Fletcher, W. K.  |e edición. 
082 0 4 |a 551.063 
859 |a Ar-BaUNS  |b BIB. CENTRAL - Sector C  |h 551.063  |i EL58  |p 79543/978  |v 5